| 000 | 00519nam a2200181Ia 4500 | ||
|---|---|---|---|
| 008 | 100917s9999 xx 000 0 und d | ||
| 082 | _b6428 | ||
| 100 | _aकानिटकर माधव | ||
| 245 | _aरूप पाहता लोचनी | ||
| 260 |
_b--- _c1963 |
||
| 300 | _a138 | ||
| 365 | _b3.5 | ||
| 520 | _aकादंबरी | ||
| 630 | _aरूप पाहता लोचनी | ||
| 650 | _aकादंबरी | ||
| 730 | _aरूप पाहता लोचनी | ||
| 942 | _cBOOK | ||
| 999 |
_c611822 _d611819 |
||